000 00638nam a22001457a 4500
020 _a0-439-25324-1
082 _a823
_bSTI/G
100 _aRODDA, EMILY
245 _aDELTORA QUEST
_bTHE LAKE OF TEARS
260 _aNEW YORK
_bSCHOLASTIC INC
_c2000
300 _a129
520 _aLief, Barda and their unruly new companion, Jasmine, are on a perilous quest to find the seven gems stolen from the magic Belt of Deltora. The golden topaz has already been found. But only when all the gems have been restored to the Belt can their land be freed from the dark power of the evil Shadow Lord.
650 _aADVENTURE
_zUNITED STATES
942 _cBK
999 _c6000
_d6000